000 00191 a2200097 4500
020 _a97800373777020
041 _aeng
100 _aMallery, susan
245 2 _aA fools gold christmas
942 _cBK
999 _c199
_d199